000 00417nam a2200157 i 4500
001 130351
003 ES-MaACL
005 20230906193720.0
007 t|
008 070726s1912 ec ||||1| spa d
100 1 _aZambrana, Antonio.
_9117908
245 1 0 _aPrensa y tribuna /
_cAntonio Zambrana.
260 _aQuito :
_b[s.n.],
_c1912 (
_fImp. Minerva)
300 _a256 p. ;
_c22 cm.
852 _aES-MaACL
_jC-3364
999 _c130351
_d130351